Ashes Cricket Since 2000 - Statistics

General Stats
  • This quiz has been taken 226 times
  • The average score is 9 of 15
Answer Stats
Question Answer % Correct
Which city has never hoasted an ashes test match? Liverpool
89%
In the second test of the famous 2005 ashes series Glenn McGrath was forced to be withdrawn within 24 hours of the first ball. How did this happen? He tred on a stray ball in the warm up and rolled his ankle
84%
Since 2000 which test bowler boasts the best ashes bowling performance with 8/15? Stuart Broad
84%
Which 2 players put on a record partnership at the Gabba in an ashes opener? Alastair Cook and Johnathon Trott
71%
Who was famous for incorrectly using the DRS when given out repeatedly? Shane Watson
69%
Testing the memory: In 2002/03 the touring English side lost 4-1 but one of their own was awarded player of the series, who was this? Michael Vaughan
58%
Good luck charm: Which player has played in 5 ashes tests and won every single test. George Bailey
56%
Which player has never won an away ashes series? Michael Clarke
56%
In the 2013/14 ashes white wash which two key English players left to go back home during the series? Johnathon Trott and Graeme Swann
55%
Which player was brought into Austrlia's side the 4th test of the 2005 ashes series? Shaun Tait
51%
Which of the following incidents is false? Australia; brought on physio to assist batsmen Steve Smith in order to buy sometime and draw the match.
49%
Which player was never taken to England as Australia's front line spinner for the tour? Jason Krezja
49%
In the 2006/07 & 2013/14 ashes white washes in Australia who were Australia's pace bowlers in both series? McGrath, Gillespie, Lee, Clark & Johnson, Harris, Siddle
45%
Which Australian has never played an Ashes test match in the 21st century? Michael Bevan
33%
Who took his 400th test match wicket in an ashes game at the SCG? Stuart Broad
16%
No matching quizzes found
Score Distribution
Percent of People with Each Score
Percentile by Number Answered
Your Score History
You have not taken this quiz